000 00448nam a2200157Ia 4500
008 230312s9999||||xx |||||||||||||| ||und||
020 _a81-203-2756-6
082 _a621.395
_bCIL-A
100 _aCiletti,Michael.D
245 0 _aAdvanced Digital Design with the Verilog HDL
260 _bPrentice Hall
_aindia
_c2003
300 _a982
546 _aEng.
650 _aEngineering
_vDigital Design Methodology,Combinational Logic Design
942 _cBK
999 _c1194
_d1194